000 00574nam a2200181 4500
001 140603
003 ES-MaACL
007 t|
008 070214s1974 sp r ||||1| spa d
100 1 _aSebold, Russell P.
_9105027
245 1 0 _aCadalso
_b: el primer romántico `europeo` de España /
_cRussell P. Sebold.
260 _aMadrid :
_bGredos,
_c1974.
300 _a294 p. ;
_c20 cm.
490 0 _aBiblioteca románica hispánica. II. Estudios y ensayos ;
_v215
_9178108
852 _aES-MaACL
_jE-6359
_bR.90747
942 _2udc
999 _c140603
_d140603